000 00846nam a22001817a 4500
003 UA-OsUOA
001 13597
007 ta
008 20030610b un ||||| |||| 00| 0 ukr d
100 _aСвиридон П.
942 _cSA
040 _aUA-OsUOA
_cUA-OsUOA
_dUA-OsUOA
245 _aВчаться кадри місцевого самоврядування
_b[Про роботу Рівнен. регіон. центру перепідготовки та підвищення кваліфікації працівників органів держ. влади, органів місцевого самоврядування, кер. держ. п-в, установ та орг.]
300 _aС.2
955 _a0
773 0 _w0
_tВісті Рівненщини
_dРівне
_d2003
_g№42/43
650 7 _aКраєзнавча робота
_2UDC
999 _c299758
_d299758